LEADER 01119nam a2200277 i 4500 001 000000142409 003 CaOOAMICUS 005 20050902000000.0 008 050902s1975 fr u000 u fre u 013 $a117717 020 $a2-07-029201-0 040 $aSeMil$bita 100 1 $aCerteau, Michel : de,$c.$0(OLS)http://semarc/name/1065 245 12$aL'écriture de l'histoire /$cMichel De Certeau. 260 $a[Paris] :$bGallimard,$c1975. 300 $a358 p., [1] c. di tav. ;$c23 cm. 490 0 $aBibliothèque des histoires 650 4$aStoriografia.$0(OLS)http://semarc/subject/45 650 4$aStoria religiosa.$0(OLS)http://semarc/subject/8964 830 0$aBibliothèque des histoires.$0(OLS)http://semarc/title/18646 850 $aSeMil 852 $aSeMil$W1$xVenegono$y1$m3V III 102$j95583$B95583$CSeMilBibl$Z2$F102439 $81 961 $aOmaggio: Bressan don Luca 996 $6020$a2-07-029201-0$9(OLS)http://semarc/number/130737 996 $6245$aL'écriture de l'histoire$9(OLS)http://semarc/title/208302 996 $6260$a[Paris] :$bGallimard$9(OLS)http://semarc/publisher/30050 LEADER 01471nam a2200241 4500 001 000000346931 003 CaOOAMICUS 005 20210708143015.0 008 210706s2001 it 000 u ita r 040 $aSeMil$bita 245 00$aCelebrazione dell'Eucaristia per l'ordinazione dei presbiteri presieduta da sua Eminenza Reverendissima il Signor Cardinale Carlo Maria Martini, Arcivescovo di Milano . 246 04$aOrdinazioni presbiterali : $b9 giugno 2001, Duomo di Milano. "Perchè la vostra gioia sia piena" 264 1$a[S.l. :$bs.n.],$c2001. 300 $a36 p. ;$c21 cm 650 4$aMartini, Carlo Maria - Presbiteri.$0(OLS)http://semarc/subject/47417 650 4$aSacerdozio - Ordinazione - Liturgia - Catechesi.$0(OLS)http://semarc/subject/22445 710 2 $aSeminario Arcivescovile di Milano,$ecuratore.$0(OLS)http://semarc/name/1064 850 $aSeMil 852 $aSeMil$W1$xVenegono$y1$m5D XI 25/25$j227447$B238005$CSeMilBibl$Z2$F238005 $81 996 $6245$aCelebrazione dell'Eucaristia per l'ordinazione dei presbiteri presieduta da sua Eminenza Reverendissima il Signor Cardinale Carlo Maria Martini, Arcivescovo di Milano $9(OLS)http://semarc/title/436173 996 $6246$aOrdinazioni presbiterali : $b9 giugno 2001, Duomo di Milano. "Perchè la vostra gioia sia piena"$9(OLS)http://semarc/title/436174 996 $6264$a[S.l. :$bs.n.]$9(OLS)http://semarc/publisher/29751